Riešenie bezpečnosti počítačovej siete diplomová práca

Na minha lista:
Detalhes bibliográficos
Autor principal: Martínek, Stanislav
Autor Corporativo: Fakulta hospodárskej informatiky EU. Katedra aplikovanej informatiky
Outros Autores: Schmidt, Peter, 1968-
Formato: Livro
Idioma:eslovaco
Publicado em: Bratislava 2011
Tags: Adicionar Tag
Sem tags, seja o primeiro a adicionar uma tag!

MARC

LEADER 00000nbm a2200000 4500
001 0140813
005 20161109101952.4
041 0 |a slo 
044 |a SK 
245 1 0 |a Riešenie bezpečnosti počítačovej siete  |b diplomová práca  |c Stanislav Martínek ; školiteľ: Peter Schmidt 
264 1 |a Bratislava  |c 2011 
300 |a 63 s. 
100 1 |a Martínek, Stanislav 
700 1 |a Schmidt, Peter, 1968- 
710 2 |a Fakulta hospodárskej informatiky EU. Katedra aplikovanej informatiky